<?xml version="1.0" encoding="UTF-8"?><?xml-stylesheet type="text/xsl" href="static/style.xsl"?><OAI-PMH xmlns="http://www.openarchives.org/OAI/2.0/" xmlns:xsi="http://www.w3.org/2001/XMLSchema-instance" xsi:schemaLocation="http://www.openarchives.org/OAI/2.0/ http://www.openarchives.org/OAI/2.0/OAI-PMH.xsd"><responseDate>2026-04-13T01:04:46Z</responseDate><request verb="GetRecord" identifier="oai:www.recercat.cat:2445/11955" metadataPrefix="marc">https://recercat.cat/oai/request</request><GetRecord><record><header><identifier>oai:recercat.cat:2445/11955</identifier><datestamp>2025-12-05T04:22:49Z</datestamp><setSpec>com_2072_1057</setSpec><setSpec>col_2072_478809</setSpec><setSpec>col_2072_478917</setSpec><setSpec>col_2072_478940</setSpec></header><metadata><record xmlns="http://www.loc.gov/MARC21/slim" xmlns:dcterms="http://purl.org/dc/terms/" xmlns:xsi="http://www.w3.org/2001/XMLSchema-instance" xmlns:doc="http://www.lyncode.com/xoai" xsi:schemaLocation="http://www.loc.gov/MARC21/slim http://www.loc.gov/standards/marcxml/schema/MARC21slim.xsd">
   <leader>00925njm 22002777a 4500</leader>
   <datafield ind2=" " ind1=" " tag="042">
      <subfield code="a">dc</subfield>
   </datafield>
   <datafield ind2=" " ind1=" " tag="720">
      <subfield code="a">Lafourcade, Miren</subfield>
      <subfield code="e">author</subfield>
   </datafield>
   <datafield ind2=" " ind1=" " tag="720">
      <subfield code="a">Paluzie, Elisenda</subfield>
      <subfield code="e">author</subfield>
   </datafield>
   <datafield ind2=" " ind1=" " tag="260">
      <subfield code="c">2010-04-06T11:02:18Z</subfield>
   </datafield>
   <datafield ind2=" " ind1=" " tag="260">
      <subfield code="c">2010-04-06T11:02:18Z</subfield>
   </datafield>
   <datafield ind2=" " ind1=" " tag="260">
      <subfield code="c">2005</subfield>
   </datafield>
   <datafield ind2=" " ind1=" " tag="520">
      <subfield code="a">In this paper we use a gravity model to study the trade performance of French and Spanish&#xd;
border regions relatively to non-border regions, over the past two decades. We find that,&#xd;
controlling for their size, proximity and location characteristics, border regions trade on&#xd;
average between 62% and 193% more with their neighbouring country than other regions,&#xd;
and twice as much if they are endowed with good cross border transport infrastructures.&#xd;
Despite European integration, however, this trade outperformance has fallen for the most&#xd;
peripheral regions within the EU. We show that this trend was linked in part to a shift in the propensity of foreign investors to move their affiliates from the regions near their home market to the regions bordering the EU core.</subfield>
   </datafield>
   <datafield ind2=" " ind1=" " tag="520">
      <subfield code="a">- En aquest article analitzem el rendiment comercial relatiu de les regions frontereres a&#xd;
França i Espanya, mitjançant un model de gravetat. Els nostres resultats mostren que,&#xd;
controlant per la dimensió, la proximitat i les característiques de les localitzacions, les&#xd;
regions frontereres comercien en mitjana entre un 62% i un 193% més que les altres regions amb els estats veïns, i més del doble si estan dotades amb bones infrastructures transfrontereres de transport. Ara bé, malgrat el procés d'integració europeu, aquest rendiment superior ha disminuït per les regions més perifèriques de la UE. Mostrem que aquesta tendència està lligada en part a un canvi en la propensió dels inversors estrangers a localitzar les seves filials des de les regions més properes al seu mercat d'origen cap a les regions properes al centre de la UE.</subfield>
   </datafield>
   <datafield tag="653" ind2=" " ind1=" ">
      <subfield code="a">Fronteres</subfield>
   </datafield>
   <datafield tag="653" ind2=" " ind1=" ">
      <subfield code="a">Integració europea</subfield>
   </datafield>
   <datafield tag="653" ind2=" " ind1=" ">
      <subfield code="a">Comerç exterior</subfield>
   </datafield>
   <datafield tag="653" ind2=" " ind1=" ">
      <subfield code="a">França</subfield>
   </datafield>
   <datafield tag="653" ind2=" " ind1=" ">
      <subfield code="a">Espanya</subfield>
   </datafield>
   <datafield tag="653" ind2=" " ind1=" ">
      <subfield code="a">Boundaries</subfield>
   </datafield>
   <datafield tag="653" ind2=" " ind1=" ">
      <subfield code="a">European federation</subfield>
   </datafield>
   <datafield tag="653" ind2=" " ind1=" ">
      <subfield code="a">Foreign trade</subfield>
   </datafield>
   <datafield tag="653" ind2=" " ind1=" ">
      <subfield code="a">France</subfield>
   </datafield>
   <datafield tag="653" ind2=" " ind1=" ">
      <subfield code="a">Spain</subfield>
   </datafield>
   <datafield ind2="0" ind1="0" tag="245">
      <subfield code="a">European integration, FDI and the internal geography of trade : evidence from Western European border regions</subfield>
   </datafield>
</record></metadata></record></GetRecord></OAI-PMH>